000
00296nam a2200133Ia 4500
008
230917s9999||||xx |||||||||||||| ||und||
020
_c
RS30
040
_e
193393
_a
MAIN
041
_a
English
082
_a
297.122 K541R
100
_a
Kidwai, Abdul Salam
245
0
_a
Ruh-Ul Quran
942
_c
BK
999
_c
53906
_d
53906